Solve the Secret Capital City #5 - Statistics

General Stats
  • This quiz has been taken 6,059 times
    5,049 since last reset
  • The average score is 15 of 27
Answer Stats
Scramble Capital City % Correct
DIIL Dili
99%
ABJU Juba
95%
AADHK Dhaka
92%
AABJU Abuja
88%
AAANKR Ankara
71%
AAEHRR Harare
70%
ADENOUY Yaoundé
67%
AABJJLLNU Ljubljana
66%
ACMSTU Muscat
66%
AAELLTTV Valletta
62%
ACHIINSU Chișinău
58%
AARSWW Warsaw
57%
AAKLSU Lusaka
55%
AEIITP Taipei
52%
ABGINU Bangui
48%
AABLMO Malabo
45%
AILLNNT Tallinn
45%
ACKNORY Conakry
43%
AIINPRST Pristina
41%
ABEGNOOR Gaborone
38%
AAHIKNSS Kinshasa
38%
Secret Capital City TASHKENT
32%
ABEEERRSST Basseterre
30%
ACHKNOOTTU Nouakchott
30%
DEGLMNRUU Ngerulmud
29%
ACDGIOOPR Podgorica
29%
AKMOOORSSUUY Yamoussoukro
29%
No matching quizzes found
Score Distribution
Percent of People with Each Score
Percentile by Number Answered
Your Score History
You have not taken this quiz since the last reset